Catálogo público

Ganadería tropical mexicana : retos fortaleza y debilidad / (Record no. 166890)

MARC details
000 -CABECERA
campo de control de longitud fija 00880nam a2200289Ia 4500
001 - NÚMERO DE CONTROL
campo de control Z_3829
003 - IDENTIFICADOR DEL NÚMERO DE CONTROL
campo de control CHAP
008 - DATOS DE LONGITUD FIJA--INFORMACIÓN GENERAL
campo de control de longitud fija 220113s1997 xx 000 0 und d
010 ## - NÚMERO DE CONTROL DE LA BIBLIOTECA DEL CONGRESO
Número de control de LC 166890
040 ## - FUENTE DE LA CATALOGACIÓN
Centro/agencia transcriptor CHAP
090 ## - LOCALMENTE ASIGNADO TIPO-LC NÚMERO DE CLASIFICACIÓN (OCLC); NÚMERO DE CLASIFICACIÓN LOCAL (RLIN)
Número de clasificación (OCLC) (R) ; Numero de clasificación, CALL (RLIN) (NR) Folleto 539
100 ## - ENTRADA PRINCIPAL--NOMBRE DE PERSONA
Nombre de persona Vázquez Gómez, Jorge
9 (RLIN) 120374
245 ## - MENCIÓN DE TÍTULO
Título Ganadería tropical mexicana : retos fortaleza y debilidad /
Mención de responsabilidad, etc. por Jorge Vázquez Gómez
260 ## - PUBLICACIÓN, DISTRIBUCIÓN, ETC.
Lugar de publicación, distribución, etc. Tuxtla Gutiérrez, Chiapas :
Nombre del editor, distribuidor, etc. Universidad Autónoma de Chiapas. Escuela de Medicina Veterinaria y Zootecnía,
Fecha de publicación, distribución, etc. 1997
300 ## - DESCRIPCIÓN FÍSICA
Extensión 107 p. ; ilus.
440 ## - MENCIÓN DE SERIE/PUNTO DE ACCESO ADICIONAL--TÍTULO
Título
500 ## - NOTA GENERAL
Nota general
503 ## - NOTA DE HISTORIA BIBLIOGRÁFICA (BK CF MU) [OBSOLETO]
Nota de historia bibliográfica
650 ## - PUNTO DE ACCESO ADICIONAL DE MATERIA--TÉRMINO DE MATERIA
Término de materia o nombre geográfico como elemento de entrada Ganadería Tropical
9 (RLIN) 141038
650 ## - PUNTO DE ACCESO ADICIONAL DE MATERIA--TÉRMINO DE MATERIA
Término de materia o nombre geográfico como elemento de entrada Ganado
Subdivisión general Trópico I. Universidad Autónoma de Chiapas. Escuela de Medicina Veterinaria y Zootecnia
9 (RLIN) 141039
901 ## - ELEMENTOS DE DATOS A LOCAL LDA (RLIN)
a Folleto 539
902 ## - ELEMENTOS DE DATOS B LOCAL, LDB (RLIN)
a A
910 ## - DATOS DE OPCIÓN DEL USUARIO (OCLC)
Datos de opción del usuario 1997
942 ## - ELEMENTOS DE PUNTO DE ACCESO ADICIONAL (KOHA)
Tipo de ítem Koha
942 ## - ELEMENTOS DE PUNTO DE ACCESO ADICIONAL (KOHA)
Tipo de ítem Koha
Holdings
Estado de retiro Estado de pérdida Fuente del sistema de clasificación o colocación Estado dañado No para préstamo Código de colección Localización permanente Ubicación/localización actual Ubicación en estantería Fecha de adquisición Total de préstamos Código de barras Fecha visto por última vez Número de copia Precio válido a partir de Tipo de ítem Koha
    Clasificación Universidad Autónoma de Chapingo     Folletos Zootecnia Zootecnia   09/11/2005   z_A1421 18/01/2022 1 18/01/2022 Folleto
    Clasificación Universidad Autónoma de Chapingo     Folletos Zootecnia Zootecnia   09/11/2005   z_A1422 18/01/2022 2 18/01/2022 Folleto
    Clasificación Universidad Autónoma de Chapingo     Folletos Zootecnia Zootecnia   09/11/2005   z_A1423 18/01/2022 3 18/01/2022 Folleto